Statistics for 100 Foods by Picture

Click here to take the quiz!

General Stats

  • This quiz has been taken 5,961 times
    (5,957 since last reset)
  • The average score is 56 of 100

Answer Stats

Answer% Correct
Kiwi
99%
Donut
94%
Honey
94%
Cotton Candy
89%
Coffee
87%
Pho
87%
Cauliflower
86%
French Fries
86%
Lasagna
86%
Salmon
86%
Oyster
84%
Shrimp
84%
Coconut
82%
{Pumpkin} Pie
82%
Sushi
82%
Cashew
81%
{Fortune} Cookie
81%
Peanut
81%
Raisin
80%
Almond
79%
Pizza
79%
Gummy Bear
78%
Croissant
75%
{Blue} Cheese
74%
Flour
74%
Cheesecake
73%
Hamburger
73%
Sweet Potato
72%
Maple Syrup
71%
Garlic
69%
Basil
68%
Eggplant
68%
`Marshmallow
68%
Popcorn
68%
Pretzel
68%
{Deviled} Eggs
67%
Green Bean
67%
Pesto
66%
Pickle
66%
Papaya
65%
Celery
63%
{Graham} Cracker
63%
Burrito
62%
Dragonfruit
62%
{Swiss} Cheese
62%
Baguette
60%
Cinnamon
60%
Flan
60%
Caviar
58%
Zucchini
58%
Caramel
57%
Coleslaw
57%
{Cottage} Cheese
56%
Artichoke
55%
Plantain
54%
Chicken Tikka {Masala}
53%
{Chili} Pepper
53%
Grapefruit
53%
Nachos
53%
Eclaire
52%
Walnut
50%
Fig
48%
Wasabi
48%
Whiskey
48%
Oatmeal
47%
Falafel
46%
Cantaloupe
45%
Scallop
44%
Cranberries
42%
Hashbrown
42%
Licorice
42%
Meatloaf
42%
Durian
41%
Quesadilla
41%
Prune
40%
Quinoa
40%
Tofu
40%
Guacamole
38%
Gumdrop
38%
Lambchop
38%
Rhubarb
36%
Truffle
36%
Reuben
35%
Fried Dough
33%
Bratwurst
32%
Cornbread
32%
Clam Chowder
31%
Taffy
31%
Root Beer
29%
Pastrami
22%
Schnitzel
16%
Calamari
15%
Couscous
14%
Jambalaya
13%
{Angel Food} Cake
12%
{Key Lime} Pie
11%
Ziti
9%
Dumpling
8%
Rocky Road
8%
Soybeans
7%

Score Distribution

Percentile by Number Answered

Percent of People with Each Score

Your Score History

You have not taken this quiz since the last reset